000 00668nam a2200289Ia 4500
005 20260324144505.0
008 008 260324s9999 xx 000 0 eng d
020 _a9780203789872
037 _aEBOOK
040 _aCRL
040 _beng
040 _cCRL
041 _2eng
041 _aeng
084 _qCRL
100 _aMartin Daly; Margo Wilson
_91219516
245 0 _aHomicide
245 0 _bFoundations of Human Behavior
260 _bTaylor and Francis
260 _c1988
365 _a
365 _b255
856 _uhttp://www.taylorfrancis.com/books/9780203789872
942 _cEBOOK
999 _c1826197
_d1826197